Datum a čas kvízu
22.5
Celkem bodů
Celkový počet nahraných bodů na tomto kvízu bez doplňovacích otázek.
3.
Pořadí na kvízu
Konečné umístění týmu na tomto kvízu.
Zaznamenané odpovědi
| # | Otázka | Odpověď | Body | Výsledky |
|---|---|---|---|---|
| 1. | Koronavirus dorazil i do Posla... | Karla Šlechtová | 1 | |
| 2. | Premiér jisté země minulý týde... | Japonsko | 1 | |
| 3. | Minulý týden vstoupil do český... | Tenet | 1 | |
| 4. | Ve čtvrtek nabízela jedna spol... | Huawei | 1 | |
| 5. | V sobotu začal nejslavnější cy... | Nice | 1 | |
| 6. | V tomto tématu se podíváme na... | (druhá) punská válka | 1 | |
| 7. | V roce 1805 se odehrála bitva... | Cádiz | 0 | |
| 8. | Jak se jmenoval americký gener... | (Robert Edward) Lee | 1 | |
| 9. | V počáteční fázi první světové... | Marna/La Marne | 0 | |
| 10. | Kniha Černý jestřáb sestřelen... | v Somálsku | 1 |